|
|
|
|
| LEADER |
01632nam a2200469 i 4500 |
| 001 |
001778898 |
| 003 |
CZ BrMZK |
| 005 |
20210118080609.0 |
| 007 |
ta |
| 008 |
201203s1936 xr e 000 0 cze |
| 015 |
|
|
|a cnb000796708
|
| 020 |
|
|
|q (Brožováno)
|
| 035 |
|
|
|a (OCoLC)80147727
|
| 040 |
|
|
|a ABA001
|b cze
|d ABA001
|c BOA001
|d BOA001
|e rda
|
| 041 |
1 |
|
|a cze
|h fre
|
| 072 |
|
7 |
|a 327
|x Mezinárodní vztahy, světová politika
|2 Konspekt
|9 15
|
| 080 |
|
|
|a 327.362
|2 MRF
|
| 080 |
|
|
|a 327.36
|2 MRF
|
| 080 |
|
|
|a 355.016
|2 MRF
|
| 080 |
|
|
|a 316.64:329.18
|2 MRF
|
| 080 |
|
|
|a 323.25/.26:329.18
|2 MRF
|
| 080 |
|
|
|a (046)
|2 MRF
|
| 100 |
1 |
|
|a Rolland, Romain,
|d 1866-1944
|7 jn19990007118
|4 aut
|
| 245 |
1 |
0 |
|a Zabraňte válce! /
|c Romain Rolland ; přeložil Miloslav Jirda
|
| 264 |
|
1 |
|a Praha :
|b v Knihovně levé fronty nakladatelství Pavel Prokop (majitelka Jarmila Prokopová),
|c 1936
|
| 300 |
|
|
|a 29 stran ;
|c 22 cm
|
| 336 |
|
|
|a text
|b txt
|2 rdacontent
|
| 337 |
|
|
|a bez média
|b n
|2 rdamedia
|
| 338 |
|
|
|a svazek
|b nc
|2 rdacarrier
|
| 490 |
1 |
|
|a Knihovna Levé fronty
|
| 500 |
|
|
|a Přeloženo z francouzštiny
|
| 650 |
0 |
7 |
|a pacifismus
|7 ph123902
|2 czenas
|
| 650 |
0 |
7 |
|a mírové hnutí
|7 ph123128
|2 czenas
|
| 650 |
0 |
7 |
|a protiválečná hnutí
|7 ph116870
|2 czenas
|
| 650 |
0 |
7 |
|a antifašismus
|7 ph118495
|2 czenas
|
| 655 |
|
7 |
|a články
|7 fd133976
|2 czenas
|
| 700 |
1 |
|
|a Jirda, Miloslav,
|d 1895-1970
|7 jk01051862
|4 trl
|
| 830 |
|
0 |
|a Knihovna Levé fronty
|0 s
|
| 910 |
|
|
|a BOA001
|b 2-1458.609
|
| 990 |
|
|
|a BK
|
| 991 |
|
|
|b 202101
|
| 996 |
6 |
|
|b 2610844961
|c 2-1458.609
|l MZK
|r Sklad / do 1 hodiny
|n 2
|p dar
|w 001837485
|u 000010
|a 1
|e BOA001
|j MZK50
|s P
|